Gender transition / (Record no. 368145)
[ view plain ]
| 000 -LEADER | |
|---|---|
| fixed length control field | 00630nam a22002057a 4500 |
| 003 - CONTROL NUMBER IDENTIFIER | |
| control field | 0 |
| 005 - DATE AND TIME OF LATEST TRANSACTION | |
| control field | 20250930094711.0 |
| 008 - FIXED-LENGTH DATA ELEMENTS--GENERAL INFORMATION | |
| fixed length control field | 250930b xxu||||| |||| 00| 0 eng d |
| 020 ## - INTERNATIONAL STANDARD BOOK NUMBER | |
| International Standard Book Number | 978-1-394-29318-6 |
| 050 ## - LIBRARY OF CONGRESS CALL NUMBER | |
| Classification number | HQ 77.9 |
| Item number | .G46 2025 |
| 245 ## - TITLE STATEMENT | |
| Title | Gender transition / |
| Statement of responsibility, etc | Adrien Lawyer, T. Michael Trimm, Erik Wolf, and Molly McClain. |
| 260 ## - PUBLICATION, DISTRIBUTION, ETC. (IMPRINT) | |
| Place of publication, distribution, etc | Hoboken, NJ : |
| Name of publisher, distributor, etc | John Wiley & Sons, Inc., |
| Date of publication, distribution, etc | 2025. |
| 300 ## - PHYSICAL DESCRIPTION | |
| Extent | xi, 238 pages ; |
| Dimensions | 24 cm. |
| 504 ## - BIBLIOGRAPHY, ETC. NOTE | |
| Bibliography, etc | Includes index. |
| 650 ## - SUBJECT ADDED ENTRY--TOPICAL TERM | |
| Topical term or geographic name as entry element | Transgender people. |
| 650 ## - SUBJECT ADDED ENTRY--TOPICAL TERM | |
| Topical term or geographic name as entry element | Gender transition. |
| 650 ## - SUBJECT ADDED ENTRY--TOPICAL TERM | |
| Topical term or geographic name as entry element | Gender identity. |
| 650 ## - SUBJECT ADDED ENTRY--TOPICAL TERM | |
| Topical term or geographic name as entry element | Sexual minorities |
| General subdivision | Identity. |
| 942 ## - ADDED ENTRY ELEMENTS (KOHA) | |
| Source of classification or shelving scheme | Library of Congress Classification |
| Koha item type | Books |
| Withdrawn status | Lost status | Source of classification or shelving scheme | Damaged status | Home library | Current library | Shelving location | Date acquired | Source of acquisition | Sub Shelving location | Total Checkouts | Full call number | Barcode | Date last seen | Price effective from | Koha item type |
|---|---|---|---|---|---|---|---|---|---|---|---|---|---|---|---|
| Library of Congress Classification | College Library | College Library | Reserve Section | 06/04/2025 | Library Fund | HQ 77.9 .G46 2025 | C25281 | 09/30/2025 | 09/30/2025 | Books |